Animals of Antarctica - Sudden Death - Statistics

General Stats
  • This quiz has been taken 106 times
  • The average score is 4 of 16
Answers on the Grid
Answers color-coded by a green-red scale on the quiz's grid according to % correct below.
Leopard Seals
Elephant Seals
Fur Seals
Skuas
Petrel
Albatross
Cormorants
Orcas
Emperor Penguins
Starfish
Coral
Blue Whales
Chinstrap Penguins
King Penguins
Icefish
Insects
Sea Lions
Snakes
Puffins
Auks
Foxes
Bats
Polar Bears
Grey Seals
Rats
Loons
Gyrfalcons
Narwhals
Porpoises
Swifts
Icecrawlers
Coelacanths
 
Answer Stats
Answer % Correct
Leopard Seals
50%
Emperor Penguins
48%
Blue Whales
40%
Orcas
38%
Elephant Seals
37%
King Penguins
37%
Chinstrap Penguins
33%
Fur Seals
33%
Icefish
25%
Albatross
23%
Petrel
18%
Starfish
18%
Skuas
17%
Insects
13%
Cormorants
8%
Coral
5%
No matching quizzes found
Score Distribution
Percent of People with Each Score
Percentile by Number Answered
Your Score History
You have not taken this quiz